| 000 | 00457cam a22001691 4500 | ||
|---|---|---|---|
| 082 |
_a621.4021 _bWAL _cL-12, P-4 |
||
| 100 | 1 |
_aWalshaw, A. C. _941762 |
|
| 245 | 1 | 0 | _aApplied thermodynamics. |
| 250 | _a2d ed. | ||
| 260 |
_aLondon, _bBlackie, _c1953. |
||
| 300 |
_axix, 612 p. _billus. _c23 cm. |
||
| 526 |
_a0 _b0 _c0 _d621_402100000000000_WAL |
||
| 650 | 0 |
_aHeat-engines. _938614 |
|
| 650 | 0 |
_aMCE _9379 |
|
| 650 | 0 |
_aThermodynamics. _97134 |
|
| 942 |
_2ddc _cBK |
||
| 999 |
_c545805 _d545805 |
||